000 00967nas a2200301 4500
001 BR2011003409
003 BR-BrBNA
005 20231205115022.0
007 ta
008 230509b bl.|||p| |||| 00| 00por d
040 _aBR-BrBNA
_bpor
_cBiblioteca Nacional de Agricultura
041 _a(Pt)
072 _aP35
100 1 _aBroggi, F.
100 1 _aOliveira, A.C. de
100 1 _aFreire, F.J.
100 1 _aFreire, M.B.G. dos S.
100 1 _aNascimento, C.W.A. do
245 1 _aFator capacidade de fósforo em solos de Pernambuco mineralogicamente diferentes e influência do pH na capacidade máxima de adsorção
650 _aFÓSFORO
650 _aADSORÇÃO
650 _aMINERALOGIA
650 _aPROPRIEDADE FÍSICO-QUÍMICA
650 _aPERNAMBUCO
773 0 _tCiência e Agrotecnologia (Brazil)
_xISSN 1413-7054
_g(Jan-Feb 2011), v. 35(1) p. 77-83
_wBR2011003409
909 _a202311
_bLúcia
_c55
_dLúcia Elande
942 _2AGRIS
_n0
_cANA
999 _c211684
_d211684